Portnoy's complaint. (Record no. 188397)
[ view plain ]
| 000 -LEADER | |
|---|---|
| fixed length control field | 00470cam8a220018100 4500 |
| 001 - CONTROL NUMBER | |
| control field | tmp15989226 |
| 003 - CONTROL NUMBER IDENTIFIER | |
| control field | UPRA |
| 005 - DATE AND TIME OF LATEST TRANSACTION | |
| control field | 20190830110414.0 |
| 008 - FIXED-LENGTH DATA ELEMENTS--GENERAL INFORMATION | |
| fixed length control field | 951117s1970 onk eng u |
| 035 ## - SYSTEM CONTROL NUMBER | |
| System control number | (Sirsi) r26368 |
| 035 ## - SYSTEM CONTROL NUMBER | |
| System control number | (UPRA)tmp15989226 |
| 040 ## - CATALOGING SOURCE | |
| Transcribing agency | UPRA |
| 100 1# - MAIN ENTRY--PERSONAL NAME | |
| Personal name | Roth, Philip. |
| Linkage | A4202.1 |
| 245 10 - TITLE STATEMENT | |
| Title | Portnoy's complaint. |
| 260 ## - PUBLICATION, DISTRIBUTION, ETC. | |
| Place of publication, distribution, etc. | Toronto : |
| Name of publisher, distributor, etc. | Bantam Books, |
| Date of publication, distribution, etc. | [1970] |
| 949 ## - LOCAL PROCESSING INFORMATION (OCLC) | |
| a | PS3568.O7 |
| w | lcc |
| i | -27100 |
| m | MAIN |
| t | BOOK |
| l | ON-SHELF |
No items available.